000 00572nam a2200193Ia 4500
003 IN-BaIIA
008 211028s9999 xx 000 0 eng d
040 _cIIA Library
080 _a535.82
_bWRE
100 _aWredden, J. H.
_92007
245 4 _aThe microscope
_bits theory and applications
_cJ. H. Wredden
260 _aLondon
_bJ & A Churchill
_c1947
300 _axxiv, 296p.
650 _aMicroscopes
_92008
650 _aMicroscopy
_92009
650 _aNASA Thesaurus
650 _aOptical Instruments
_92010
942 _cBK
999 _c936
_d936